000 00534nam a2200193Ia 4500
005 20250326123931.0
008 250326s9999 xx 000 0 und d
037 _aTextbook
040 _aFMSL
_beng
_cFMSL
041 _aeng
_2eng
084 _aT:31 K4
_qFMSL
100 _aHaas K B
_9736425
245 0 _aPreparation and use of audio-visual aids
_cHaas K B; Packer H Q
250 _a3
260 _aNew Delhi
_bNew Delhi, Prentice-Hall
_c1964
300 _a381p
942 _cTB
_hT:31 K4
999 _c1271545
_d1271545